000 01043nam a22002650a 4500
001 PT22624
003 AR-LpoUNG
005 20210131233100.0
008 191001s2005||||sp |||||||||||||||||spa d
020 _a842940547X
_c$63,23
040 _aAR-LpoUNG
_bspa
_cAR-LpoUNG
_eaacr
041 _aspa
044 _asp
082 0 _aR403 288dic
245 1 0 _aDiccionario del estudiante
260 _aMadrid :
_bReal Academia Española - Santillana,
_c2005.
300 _axxv, 1537 p :
_bil.
520 _aSe propone cubrir un espacio, una franja de usuarios, tanto españoles como hispanoamericanos, que abarca estudiantes de edades comprendidas entre los doce y los dieciocho años; de lenguaje actual, rica base documental, con selección de los americanismos más usuales, con normas básicas de corrección lingüística y ejemplos de uso real.
650 4 _aDICCIONARIOS
650 4 _aLENGUA ESPAÑOLA
651 4 _aDOCUMENTOS TEORICOS O METODOLOGICOS
710 2 _aAcademia Española (Madrid)
905 _a22624
942 _cLSALA
999 _c19103
_d19103